LEADER 00739cam0 22002411 450 001 SOBE00020004 005 20150525093402.0 100 $a20111123d1960 |||||ita|0103 ba 101 $aeng 102 $aGB 200 1 $aSesame and Lilies$fby John Ruskin 210 $aLondon$cAllen & Unwin$d1960 215 $aXXXVI, 228 p.$d17 cm 700 1$aRuskin$b, John$3AF00007038$4070$011255 801 0$aIT$bUNISOB$c20150525$gRICA 850 $aUNISOB 852 $aUNISOB$j820$m95985 912 $aSOBE00020004 940 $aM 102 Monografia moderna SBN 941 $aM 957 $a820$b001732$gSI$d95985$rdono Brofferio$1rovito$2UNISOB$3UNISOB$420111123154455.0$520111123154513.0$6rovito 996 $aSesame and lilies$9533005 997 $aUNISOB